000 00450nmm a2200157Ia 4500
008 251105s9999||||xx |||||||||||||||||und||
020 _a9789502331225
041 _aspa
100 _aRosemberg, Jaime
245 0 _aMario Abel Amaya :
_b Entre Tosco y Alfonsín
264 _a[Buenos Aires, Argentina] :
_bEudeba,
_c2020
300 _a180 páginas
650 _aBiography
856 _uhttps://public.digitaliapublishing.com/a/128416
942 _cCF
999 _c93326
_d93326